MDH Margaret Keane /
Las pinturas famosas de los niños, mujeres y animales de ojos grandes, negros, profundos, tristes y vacíos, son obra de la pintora norteamericana Margaret Keane. En este portafolio se presenta una selección de cuarenta y cuatro pinturas y dibujos (publicados e inéditos) realizados entre 1953 y 1963,...
Sparad:
| Huvudupphov: | |
|---|---|
| Övriga upphov: | , |
| Materialtyp: | Bok |
| Språk: | engelska |
| Utgiven: |
Redwood City, EUA :
Johnson Meyer Publishing Company,
1964, c1964
|
| Serie: | (Tomorrow's Masters)
|
| Ämnen: | |
| Taggar: |
Inga taggar, Lägg till första taggen!
|
MARC
| LEADER | 00000nam^a2200000^a^4500 | ||
|---|---|---|---|
| 001 | 000184857 | ||
| 005 | 20250526000000.0 | ||
| 009 | 20260310102130.373 | ||
| 037 | |a Acervo ITESO - Biblioteca | ||
| 041 | |a ING | ||
| 082 | |a 759. 13 |b KEA CAM | ||
| 100 | |a Keane, Margaret |e (autor) | ||
| 245 | 1 | 0 | |a MDH Margaret Keane / |c M. Keane ; introd. de J. Camón Aznar ; pref. E. Fiscus-Powell. |
| 264 | 4 | |a Redwood City, EUA : |b Johnson Meyer Publishing Company, |c 1964, c1964 | |
| 300 | |a [80 p.] ; |c 32.5 cm. (gran formato) | ||
| 336 | |a texto |b txt |2 rdacontenido | ||
| 337 | |a sin mediación |b n |2 rdamedio | ||
| 338 | |a volumen |b nc |2 rdasoporte | ||
| 440 | 1 | |a (Tomorrow's Masters) | |
| 520 | |a Las pinturas famosas de los niños, mujeres y animales de ojos grandes, negros, profundos, tristes y vacíos, son obra de la pintora norteamericana Margaret Keane. En este portafolio se presenta una selección de cuarenta y cuatro pinturas y dibujos (publicados e inéditos) realizados entre 1953 y 1963, comentados por la propia artista. | ||
| 649 | |a XX | ||
| 650 | |a Pintores Norteamericanos | ||
| 650 | |a Artistas Norteamericanos | ||
| 650 | |a Pop Art - |z EUA - |x Historia y Crítica | ||
| 650 | |a Pintura Norteamericana - |x Historia y Crítica | ||
| 650 | |a Pintura Norteamericana - |y Siglo XX | ||
| 650 | |a Arte Norteamericano - |x Historia y Crítica | ||
| 650 | |a Arte Norteamericano - |y Siglo XX | ||
| 650 | |a Keane, Margaret - |x Tema Principal | ||
| 700 | |a Camón Aznar, José |e (introducción) | ||
| 700 | |a Fiscus-Powell, Elton |e (prefacio) | ||
| 910 | |a Fondo Julio de la Peña Lomelín | ||
| 920 | |a Impresos - Libros | ||
| 930 | |a Libros Antiguos y Raros | ||
| 940 | |a Arquitectos Jaliscienses | ||
| 905 | |a 108 | ||
| 901 | |a 0500125801 |b IT2 |c LRA |u 20250526 | ||
| 902 | |a https://opac.biblio.iteso.mx/vufind/Record/000184857 | ||